000 01925cam a22004934i 4500
003 PE-LiUPU
005 20250731173542.0
008 150616s r 000 0 d
020 _a0687159628
035 _a(Sirsi) i9780687159628
040 _aPE-LiUPU
_bspa
_cPE-LiUPU
_erda
049 _aPRUA
082 0 4 _b
_221
100 1 _aSchaller, Lyle E.,
_eautor.
245 1 0 _aGrowing Plans.
264 1 _aNashville :
_bAbingdon Press,
_c1983.
300 _a176 páginas ;
_c20 centímetros
336 _atext
_2rdacontent
337 _aunmediated
_2rdamedia
338 _avolume
_2rdacarrier
505 0 _aHow Do Small Churches Grow? -- How Do middle-sized Churches Grow? -- How Do Large Churches Grow? -- What Are the Issues in New Church Develoment? -- What Are the Assumptions and Priorities in a Denominational Strategy?.
526 _aSEG42
526 _aSEG41
526 _aSEG40
526 _aSEG39
526 _aP94
526 _aP87
526 _aP86
526 _aP85
526 _aP77
526 _aP76
526 _aP35
650 0 4 _aCRECIMIENTO DE IGLESIA.
910 _ajck
_bjvq
_cjck
942 _2ddc
_cBOOK
949 _a254.5 S31G
_wDEWEY
_c1
_i36387
_lCCODEBUL1
_mBUL
_r0
_sY
_tBOOK
_u2015-4-23
_xTEOLOGIA
_zUNKNOWN
_0COMPRA
_o.STAFF. Colección General
949 _a254.5 S31G
_wDEWEY
_c2
_i39557
_lCCODEBUL1
_mBUL
_r0
_sY
_tBOOK
_u2015-6-16
_xTEOLOGIA
_zUNKNOWN
_0COMPRA
_o.STAFF. Colección General
994 _aC0
_bPEPRU
596 _a1
999 _a254.5 S31G
_wDEWEY
_c60459
_i36387
_d60459
_f2021-11-10
_g5
_lCCODEBUL1
_mBUL
_q1
_r0
_sY
_tBOOK
_u2015-4-23
_xTEOLOGIA
_zUNKNOWN
_0COMPRA
_o.STAFF. Colección General
999 _a254.5 S31G
_wDEWEY
_c2
_i39557
_f2021-11-10
_g5
_lCCODEBUL1
_mBUL
_r0
_sY
_tBOOK
_u2015-6-16
_xTEOLOGIA
_zUNKNOWN
_0COMPRA
_o.STAFF. Colección General
980 _81
_gALBERTO SANCHEZ Responsable de Automatización